Lectures on Geometric Quantization (Record no. 530944)
[ view plain ]
| 000 -LEADER | |
|---|---|
| fixed length control field | 00381nam a2200133Ia 4500 |
| 008 - FIXED-LENGTH DATA ELEMENTS--GENERAL INFORMATION | |
| fixed length control field | 191014s9999 xx 000 0 und d |
| 020 ## - INTERNATIONAL STANDARD BOOK NUMBER | |
| International Standard Book Number | 2-540-07860-6 |
| 082 ## - DEWEY DECIMAL CLASSIFICATION NUMBER | |
| Classification number | 530.12 |
| Author Mark | SIM |
| 100 ## - MAIN ENTRY--PERSONAL NAME | |
| Personal name | D.J.Simms,N.M.J.Woodhouse |
| 9 (RLIN) | 20367 |
| 245 #0 - TITLE STATEMENT | |
| Title | Lectures on Geometric Quantization |
| 260 ## - PUBLICATION, DISTRIBUTION, ETC. | |
| Place of publication, distribution, etc. | New York |
| Name of publisher, distributor, etc. | Springer -Verlag Berlin -New York |
| Date of publication, distribution, etc. | 1966 |
| 300 ## - PHYSICAL DESCRIPTION | |
| Extent | Peg,166 |
| 942 ## - ADDED ENTRY ELEMENTS (KOHA) | |
| Koha item type | Book |
| Withdrawn status | Lost status | Damaged status | Not for loan | Permanent Location | Current Location | Date acquired | Source of acquisition | Cost, normal purchase price | Total Checkouts | Full call number | Barcode | Date last seen | Price effective from | Koha item type |
|---|---|---|---|---|---|---|---|---|---|---|---|---|---|---|
| School of Natural Sciences (SNS) | School of Natural Sciences (SNS) | 10/15/2019 | Donation | 0.00 | 530.12SIM | SNS0002721 | 10/15/2019 | 10/15/2019 | Book |
